Evaluation of Artificial Intelligence Translation

Skúmanie využitia ChatGPT,online štatistického strojového prekladacieho nástroja, na preklad špecializovaných nemeckých textov do slovenčiny so zameraním na desať článkov z nemeckého týždenníka podnikových správ "Wirtschafts Woche", ktoré sa týkajú rôznych aspektov burzy. Načrtáva výzvy, s ktorými s...

Descrizione completa

Salvato in:
Dettagli Bibliografici
Autore principale: Kalaš, Filip, 1993-
Natura: Capitolo di libro
Lingua:inglese
Soggetti:
Tags: Aggiungi Tag
Nessun Tag, puoi essere il primo ad aggiungerne!!

MARC

LEADER 00000naa$a2200000$$$4500
001 0308388
005 20250505082850.5
041 0 |a eng 
044 |a DE 
245 1 0 |a Evaluation of Artificial Intelligence Translation  |c Filip Kalaš 
520 |a Skúmanie využitia ChatGPT,online štatistického strojového prekladacieho nástroja, na preklad špecializovaných nemeckých textov do slovenčiny so zameraním na desať článkov z nemeckého týždenníka podnikových správ "Wirtschafts Woche", ktoré sa týkajú rôznych aspektov burzy. Načrtáva výzvy, s ktorými sa stretávame pri využívaní automatizovaných prekladových systémov pre tieto texty. Preložené texty prechádzajú kvantitatívnymi a kvalitatívnymi analýzami na posúdenie chybovosti, účinnosti a vernosti pôvodnému kontextu. 
610 2 0 |a inteligencia umelá 
610 2 0 |a chatboty 
610 2 0 |a preklady odborné 
610 2 0 |a učenie strojové 
610 2 0 |a burzovníctvo 
610 2 0 |a analýzy 
100 1 |a Kalaš, Filip, 1993-